| 000 | 00742nam a2200229 i 4500 | ||
|---|---|---|---|
| 001 | 110880 | ||
| 003 | ES-MaACL | ||
| 005 | 20231223063057.0 | ||
| 007 | t| | ||
| 008 | 040429s1917 sp ||||1| spa d | ||
| 080 | _a821.134.2-23"18" | ||
| 100 | 1 |
_aDicenta, Joaquín, _d1863-1917 _944474 |
|
| 245 | 1 | 3 |
_aEl lobo _b: drama en tres actos y en prosa / _coriginal de Joaquín Dicenta. |
| 260 |
_a[Madrid : _bLa Novela Teatral, _c1917] |
||
| 300 |
_a34 p. ; _c20 cm. |
||
| 490 | 1 |
_aLa novela teatral ; _v6 |
|
| 500 | _aEn la cub.: caricatura del autor por Tovar. | ||
| 700 | 0 |
_aTovar _c, ilustrador. _9157378 |
|
| 830 | 0 |
_aLa novela teatral ; _v6 _9122427 |
|
| 852 |
_aES-MaACL _j2214-F-5 _bR.138674 |
||
| 999 |
_c110880 _d110880 |
||